000 00418nam a2200157Ia 4500
008 230917s9999||||xx |||||||||||||| ||und||
020 _cRS39
040 _e23274
_aMAIN
041 _aEnglish
082 _a331.10954 A15D
100 _aAgarwal, R D, ed.
245 0 _aDynamics of labour relations in India: A book of readings
260 _aNew Delhi
_bTata McGraw-Hill
_c1974
300 _axv, 296 p.
942 _cBK
999 _c190062
_d190062